Alpenorte über Nacht in besonderer Architektur /

Na minha lista:
Detalhes bibliográficos
Autor principal: Miller, Claudia (Author)
Outros Autores: Bäuerle, Hannes
Formato: Livro
Idioma:alemão
inglês
Publicado em: Munich, Germany DETAIL 2014
Edição:1. vydanie
Assuntos:
Tags: Adicionar Tag
Sem tags, seja o primeiro a adicionar uma tag!

MARC

LEADER 00000nam a22000003a 4500
001 0008129
003 SK-STU
005 20151019115942.0
007 ta
008 151019s ----xo-----e------000-0-----d
020 |a 978-3-95553-181-2 
040 |a STU  |b slo 
041 0 |a ger  |a eng 
044 |a gw 
100 1 |a Miller, Claudia  |r Z6  |4 aut 
245 1 0 |a Alpenorte über Nacht in besonderer Architektur /  |c aut. Claudia Miller, Hannes Bäuerle 
246 3 1 |a Alpineretreats unique hotel architecture 
250 |a 1. vydanie 
260 |a Munich, Germany  |b DETAIL  |c 2014 
300 |a 191 s. 
650 0 7 |a horský hotel 
650 0 7 |a budovy pre prechodné ubytovanie 
650 0 7 |a Alpy 
650 0 7 |a mountain hotel 
700 1 |a Bäuerle, Hannes  |r Z6 
996 |b 284AU06522  |c A* 9437/U  |l AAKNST  |s P  |a 0  |w 0008129_0001